000
00283nam a2200097Ia 4500
008
220120s9999||||xx |||||||||||||| ||und||
100
_a
Jithendra L and others
_9
12587
245
0
_a
Online banking
260
_a
Coorg Institute of Technology
_b
Ponnampet
_c
2015
650
_a
COMPUTER SCIENCE
999
_c
138185
_d
138185